[Event "Good moves usually have at least two ideas"]
[Site "SchemingMind.com"]
[Date "2010.05.01"]
[Round "-"]
[White "baobab"]
[Black "Uzi Mike"]
[Result "0-1"]
[WhiteCountry "ITA"]
[BlackCountry "USA"]
[WhiteElo "1692"]
[WhiteRD "90"]
[BlackElo "2283"]
[BlackRD "77"]
[GameID "246732"]

1. e4 e6 2. Nc3 d5 3. exd5 exd5 4. Qf3 Nf6 5. d4 Nc6 6. Be3 Bg4 7. Qg3 Bd6 8. Qh4 O-O 9. Be2 Nb4 10. O-O-O Bf5
11. Bd3 Nxd3+ 12. cxd3 h6 13. f4 Re8 14. Bf2 Bb4 15. Nge2 Bg4 16. Rhe1 Bxc3 17. Nxc3 Bxd1 18. Rxd1 Qd7 19. h3 b5 20. g4 b4
21. g5 bxc3
0-1

[Event "Good moves usually have at least two ideas"]
[Site "SchemingMind.com"]
[Date "2010.05.02"]
[Round "-"]
[White "Uzi Mike"]
[Black "baobab"]
[Result "1-0"]
[WhiteCountry "USA"]
[BlackCountry "ITA"]
[WhiteElo "2290"]
[WhiteRD "75"]
[BlackElo "1676"]
[BlackRD "92"]
[GameID "246735"]

1. c4 c5 2. Nf3 Nc6 3. Nc3 Nf6 4. d4 cxd4 5. Nxd4 e5 6. Ndb5 a6 7. Nd6+ Bxd6 8. Qxd6 Nd4 9. Qxe5+ Ne6 10. Qd6 Qc7
11. Qxc7 Nxc7 12. e4 O-O 13. Bf4 Ne6 14. Bd6 Re8 15. e5 Ng4 16. Nd5 Nd4 17. Nc7 Nc2+ 18. Ke2 Nxa1 19. Nxe8 b5 20. f3 Nh6
21. Kd2 Bb7 22. Nc7 Rf8 23. Bxf8 Kxf8 24. cxb5 axb5 25. Bxb5
1-0

[Event "Good moves usually have at least two ideas"]
[Site "SchemingMind.com"]
[Date "2010.05.01"]
[Round "-"]
[White "PeterLiberty"]
[Black "rafaelcarreiro"]
[Result "0-1"]
[WhiteCountry "USA"]
[BlackCountry "BRA"]
[WhiteElo "1471"]
[WhiteRD "57"]
[BlackElo "1799"]
[BlackRD "176"]
[GameID "247136"]

1. e4 e6 2. d4 d5 3. Nd2 c5 4. exd5 exd5 5. Ngf3 a6 6. Be2 Nf6 7. O-O Be7 8. dxc5 Bxc5 9. Nb3 Be7 10. Bg5 O-O
11. c3 Qc7 12. Re1 Nc6 13. Bxf6 Bxf6 14. Nc5 b6 15. Nb3 Be6 16. Nfd4 Rfe8 17. Bf3 Nxd4 18. cxd4 a5 19. Rc1 Qd7 20. Rc2 Rac8
21. h3 Rxc2 22. Qxc2 Rc8 23. Qe2 a4 24. Bg4 axb3 25. axb3 Bxd4 26. Bxe6 fxe6 27. Rd1 Bf6 28. Kf1 Re8 29. Re1 e5 30. f4 e4
31. Rd1 Qf5 32. Qe3 d4 33. Qd2 e3 34. Qe2 Qxf4+ 35. Kg1 Be5 36. g4 Qg3+ 37. Qg2 Qxg2+ 38. Kxg2 e2 39. Re1 d3 40. Kf2 Bxb2
41. Rb1 d2
0-1

[Event "Good moves usually have at least two ideas"]
[Site "SchemingMind.com"]
[Date "2010.05.01"]
[Round "-"]
[White "rafaelcarreiro"]
[Black "PeterLiberty"]
[Result "1-0"]
[WhiteCountry "BRA"]
[BlackCountry "USA"]
[WhiteElo "1799"]
[WhiteRD "176"]
[BlackElo "1471"]
[BlackRD "57"]
[GameID "247137"]

1. d4 Nf6 2. c4 e6 3. Nc3 Bb4 4. e3 O-O 5. Ne2 Re8 6. a3 Bf8 7. e4 d5 8. e5 Nfd7 9. cxd5 exd5 10. Nxd5 c5
11. f4 Nc6 12. Be3 b6 13. Qc2 Bb7 14. dxc5 Bxc5 15. Bxc5 Nxc5 16. Ne3 Qd3 17. Qxd3 Nxd3+ 18. Kd2 Rad8 19. Kc2 Nf2 20. Rg1 Ba6
21. Ng3 Nd4+ 22. Kb1 Bxf1 23. Rxf1 Nd3 24. Ka2 Nc5 25. Ngf5 Ndb3 26. Rad1 Rd2 27. Nd6 Rd8 28. Rxd2 Nxd2 29. Rc1 Ne6 30. g3 Nf3
31. Ng4 g6 32. Rc8 Rxc8 33. Nxc8 Kg7 34. Nxa7 Ned4 35. a4 h5 36. Nf6 Nxh2 37. Nc8 Nf5 38. Nxb6 Nxg3 39. a5 Nf5 40. a6 Ne7
41. a7
1-0

[Event "Good moves usually have at least two ideas"]
[Site "SchemingMind.com"]
[Date "2010.05.05"]
[Round "-"]
[White "MOIMOI"]
[Black "Quirine"]
[Result "0-1"]
[WhiteCountry "POL"]
[BlackCountry "NED"]
[WhiteElo "1540"]
[WhiteRD "55"]
[BlackElo "2057"]
[BlackRD "85"]
[GameID "247429"]

1. Nf3 Nf6 2. g3 g6 3. Bg2 Bg7 4. d4 O-O 5. Nc3 d5 6. Bf4 c5 7. dxc5 Qa5 8. O-O Qxc5 9. Be5 e6 10. Bd4 Qe7
11. h4 Nc6
0-1

[Event "Good moves usually have at least two ideas"]
[Site "SchemingMind.com"]
[Date "2010.05.03"]
[Round "-"]
[White "BishopVesey"]
[Black "eandrews"]
[Result "1-0"]
[WhiteCountry "ENG"]
[BlackCountry "USA"]
[WhiteElo "2176"]
[WhiteRD "97"]
[BlackElo "1481"]
[BlackRD "178"]
[GameID "247433"]

1. d4 b6 2. e4 c5 3. dxc5 Bb7 4. cxb6 Qxb6 5. Nd2 Nf6 6. Bd3 e5 7. Ngf3 d6 8. O-O Be7 9. Nc4 Qc5 10. Re1 O-O
11. Bg5 Nbd7 12. Ne3 Rac8 13. b4 Qxb4 14. Rb1 Qa4 15. Rxb7 Qc6 16. Rxa7 Bd8 17. Ra6 Bb6 18. Nf5 Rfe8 19. a4 Qc7 20. Bb5 Ba5
21. Rxa5 Qxa5 22. Nxd6 Nb6 23. Bxf6 Re6 24. Nxc8 Nxc8 25. Bxe5 Qb6 26. Qd7 Nd6 27. Bc4 Nxe4 28. Qc8+ Re8 29. Qxe8#
1-0

[Event "Good moves usually have at least two ideas"]
[Site "SchemingMind.com"]
[Date "2010.05.06"]
[Round "-"]
[White "Quirine"]
[Black "MOIMOI"]
[Result "1-0"]
[WhiteCountry "NED"]
[BlackCountry "POL"]
[WhiteElo "2057"]
[WhiteRD "85"]
[BlackElo "1540"]
[BlackRD "55"]
[GameID "247435"]

1. d4 c6 2. Nf3 Nf6 3. c4 d6 4. Nc3 Bg4 5. e4 Nbd7 6. Be2 h6 7. O-O Bxf3 8. Bxf3 e6 9. Re1 Qa5 10. a3 Qc7
11. Bf4
1-0

[Event "Good moves usually have at least two ideas"]
[Site "SchemingMind.com"]
[Date "2010.05.03"]
[Round "-"]
[White "eandrews"]
[Black "BishopVesey"]
[Result "0-1"]
[WhiteCountry "USA"]
[BlackCountry "ENG"]
[WhiteElo "1481"]
[WhiteRD "178"]
[BlackElo "2176"]
[BlackRD "97"]
[GameID "247439"]

1. e4 c5 2. Nc3 Nc6 3. d3 g6 4. Be3 d6 5. Nf3 Nf6 6. Qd2 Ng4 7. d4 cxd4 8. Nxd4 Nxe3 9. Qxe3 Qb6 10. O-O-O Bg7
11. Ndb5 Bg4 12. Rd2 Rc8 13. Nxa7 Qxe3 14. fxe3 Nxa7 15. h3 Bxc3 16. bxc3 Be6 17. Kb2 Rc5 18. a4 O-O 19. Be2 Rfc8 20. Rb1 Rxc3
21. Kc1 R8c7 22. Kd1 Rxe3 23. Bd3 Nc6 24. c3 Ne5 25. Kc2 Nxd3 26. Rxd3 Rxe4 27. Kd2 Rxa4 28. Rb4 Ra2+ 29. Ke3 Rxg2 30. Rd2 Rxc3+
31. Kd4 Rgg3 32. Rxb7 Rc4#
0-1

[Event "Good moves usually have at least two ideas"]
[Site "SchemingMind.com"]
[Date "2010.05.04"]
[Round "-"]
[White "chesspool"]
[Black "Lanaroon"]
[Result "1-0"]
[WhiteCountry "USA"]
[BlackCountry "ENG"]
[WhiteElo "1660"]
[WhiteRD "68"]
[BlackElo "1598"]
[BlackRD "117"]
[GameID "247547"]

1. d4 d5 2. c4 dxc4 3. Nf3 b5 4. a4 bxa4 5. Qxa4+ Bd7 6. Qxc4 Be6 7. Qc2 g6 8. e4 Bg7 9. Be3 Nf6 10. Bb5+ c6
11. Bxc6+ Nxc6 12. Qxc6+ Bd7 13. Qc2 O-O 14. O-O Rc8 15. Nc3 a5 16. e5 Nd5 17. Ng5 Nxe3 18. fxe3 Be6 19. Nxe6 fxe6 20. Rxf8+ Bxf8
21. Qb3 Kf7 22. Rf1+ Ke8 23. Qxe6 Bh6 24. Qf7+ Kd7 25. e6+ Kd6 26. Ne4+ Kc6 27. Rc1+ Kb7 28. Nc5+ Ka7 29. Rc3 Bxe3+ 30. Rxe3 Qxd4
31. Qxe7+
1-0

[Event "Good moves usually have at least two ideas"]
[Site "SchemingMind.com"]
[Date "2010.05.04"]
[Round "-"]
[White "jesusch"]
[Black "Gammon"]
[Result "1-0"]
[WhiteCountry "ESP"]
[BlackCountry "USA"]
[WhiteElo "1928"]
[WhiteRD "98"]
[BlackElo "1384"]
[BlackRD "54"]
[GameID "247548"]

1. e4 e6 2. d4 d5 3. Nc3 Nf6 4. Bg5 Be7 5. e5 Nfd7 6. Bxe7 Qxe7 7. Qd2 O-O 8. O-O-O c5 9. f4 Nc6 10. Nf3 a6
11. g4 b5 12. Bg2 f6 13. exf6 Nxf6 14. h3 c4 15. Ne5 Nxe5 16. dxe5 Nd7 17. Nxd5 exd5 18. Qxd5+ Rf7 19. Qxa8
1-0

[Event "Good moves usually have at least two ideas"]
[Site "SchemingMind.com"]
[Date "2010.05.04"]
[Round "-"]
[White "Lanaroon"]
[Black "chesspool"]
[Result "0-1"]
[WhiteCountry "ENG"]
[BlackCountry "USA"]
[WhiteElo "1598"]
[WhiteRD "117"]
[BlackElo "1660"]
[BlackRD "68"]
[GameID "247554"]

1. e4 Nf6 2. e5 Nd5 3. d4 d6 4. exd6 cxd6 5. c4 Nb6 6. d5 e5 7. b3 Bf5 8. Be3 N8d7 9. Nc3 Be7 10. Be2 O-O
11. Bh5 Nf6 12. g4 Bd7 13. g5 Nxh5 14. Qxh5 g6 15. Qh6 Re8 16. h4 Bf8 17. Qxf8+ Rxf8 18. O-O-O Bg4 19. f3 Bf5 20. Nge2 Nd7
21. Ng3 Qa5 22. Kb2 Nc5 23. Nxf5 gxf5 24. h5 e4 25. fxe4 fxe4 26. Rdf1 Nd3+ 27. Kc2 b5 28. Nxe4 Nb4+ 29. Kd1 Qxa2 30. Bd2 Qb1+
31. Ke2 Qxe4+ 32. Kf2 Rae8
0-1

[Event "Good moves usually have at least two ideas"]
[Site "SchemingMind.com"]
[Date "2010.05.04"]
[Round "-"]
[White "Gammon"]
[Black "jesusch"]
[Result "0-1"]
[WhiteCountry "USA"]
[BlackCountry "ESP"]
[WhiteElo "1384"]
[WhiteRD "54"]
[BlackElo "1928"]
[BlackRD "98"]
[GameID "247555"]

1. d4 Nf6 2. c4 e6 3. Nf3 b6 4. Nc3 Bb7 5. a3 d5 6. cxd5 Nxd5 7. Qc2 Nxc3 8. bxc3 c5 9. Bf4 cxd4 10. cxd4 Bd6
11. e3 Bxf4 12. exf4 Bxf3 13. gxf3 Nd7 14. Bd3 Rc8 15. f5 Rxc2 16. Bxc2 O-O 17. fxe6 fxe6 18. Be4 Nf6 19. O-O Qxd4 20. Rfd1 Qc5
21. Ra2 Nxe4 22. fxe4 Qg5+ 23. Kh1 Qg4 24. Rf1 Qxe4+
0-1

[Event "Good moves usually have at least two ideas"]
[Site "SchemingMind.com"]
[Date "2010.05.08"]
[Round "-"]
[White "Olli Ylönen"]
[Black "emvarela"]
[Result "0-1"]
[WhiteCountry "FIN"]
[BlackCountry "ARG"]
[WhiteElo "1507"]
[WhiteRD "57"]
[BlackElo "1846"]
[BlackRD "83"]
[GameID "247840"]

1. e4 e5 2. d3 Nf6 3. Nf3 Nc6 4. Nc3 Bb4 5. Bd2 Bxc3 6. Bxc3 d6 7. Be2 O-O 8. Bd2 Bg4 9. h3 Bxf3 10. Bxf3 Nd4
11. O-O Nxf3+ 12. Qxf3 d5 13. exd5 Qxd5 14. Qxd5 Nxd5 15. Rfe1 f6 16. c4 Nb6 17. b4 Rad8 18. c5 Nc4 19. dxc4 Rxd2 20. Red1 Rfd8
21. Kf1 Rxd1+
0-1

[Event "Good moves usually have at least two ideas"]
[Site "SchemingMind.com"]
[Date "2010.05.07"]
[Round "-"]
[White "emvarela"]
[Black "Olli Ylönen"]
[Result "1-0"]
[WhiteCountry "ARG"]
[BlackCountry "FIN"]
[WhiteElo "1846"]
[WhiteRD "83"]
[BlackElo "1507"]
[BlackRD "57"]
[GameID "247842"]

1. d4 g6 2. c4 c6 3. Nc3 Bg7 4. e4 d6 5. Nf3 Nf6 6. Bd3 O-O 7. Bf4 Bg4 8. h3 Bd7 9. O-O Re8 10. Qb3 b6
11. e5 Nh5 12. Bh2 dxe5 13. Bxe5 Bxe5 14. Nxe5 Nf4 15. c5 Nxd3 16. Qxf7+ Kh8 17. Nxg6+ hxg6 18. Qxg6 Nxb2 19. f4 e6 20. Qh6+ Kg8
21. Rf3 Kf7 22. Rg3 Qf6 23. Qh7+
1-0

[Event "Good moves usually have at least two ideas"]
[Site "SchemingMind.com"]
[Date "2010.05.12"]
[Round "-"]
[White "Midlander"]
[Black "PStuart"]
[Result "1-0"]
[WhiteCountry "ENG"]
[BlackCountry "USA"]
[WhiteElo "2247"]
[WhiteRD "75"]
[BlackElo "1848"]
[BlackRD "72"]
[GameID "247934"]

1. g3 d5 2. Bg2 c6 3. Nf3 Bf5 4. d3 Nf6 5. O-O e6 6. Nbd2 Bd6 7. Qe1 e5 8. e4 dxe4 9. dxe4 Bg6 10. Nc4 Qc7
11. Qd1 Nxe4 12. Ng5 Nxg5 13. Nxd6+ Kf8 14. Bxg5
1-0

[Event "Good moves usually have at least two ideas"]
[Site "SchemingMind.com"]
[Date "2010.05.08"]
[Round "-"]
[White "swarupsawant"]
[Black "baron1"]
[Result "0-1"]
[WhiteCountry "IND"]
[BlackCountry "ENG"]
[WhiteElo "1509"]
[WhiteRD "105"]
[BlackElo "2455"]
[BlackRD "91"]
[GameID "247936"]

1. d4 d5 2. c4 e6 3. Nc3 Nf6 4. Nf3 c6 5. Bg5 Nbd7 6. e4 dxe4 7. Nxe4 Qb6 8. Nxf6+ gxf6 9. Bc1 e5 10. Rb1 exd4
11. Qxd4 Ne5 12. Qe4 Bb4+ 13. Bd2 Be6 14. a3 Bxd2+ 15. Nxd2 O-O-O 16. b4 Rhe8 17. b5 Nxc4 18. bxc6 Bg4 19. cxb7+ Kb8 20. Rxb6 Rxe4+
0-1

[Event "Good moves usually have at least two ideas"]
[Site "SchemingMind.com"]
[Date "2010.05.09"]
[Round "-"]
[White "z"]
[Black "CHESS POET"]
[Result "0-1"]
[WhiteCountry "IRQ"]
[BlackCountry "GER"]
[WhiteElo "1806"]
[WhiteRD "85"]
[BlackElo "2168"]
[BlackRD "132"]
[GameID "247937"]

1. e4 e6 2. d4 d5 3. e5 c5 4. c3 Nc6 5. Nf3 Qb6 6. a3 c4 7. Be2 Bd7 8. O-O Na5 9. Nbd2 Ne7 10. Qe1 h6
11. Bd1 Nf5 12. Bc2 Be7 13. g4 Nh4 14. Qe3 Ng6 15. b4 cxb3 16. Rb1 Ba4 17. Ne1 Rc8 18. Bxg6 fxg6 19. Qd3 O-O 20. Qxg6 Rxc3
21. Ndf3 Be8
0-1

[Event "Good moves usually have at least two ideas"]
[Site "SchemingMind.com"]
[Date "2010.05.09"]
[Round "-"]
[White "zogger"]
[Black "dla ani"]
[Result "1-0"]
[WhiteCountry "GER"]
[BlackCountry "POL"]
[WhiteElo "1977"]
[WhiteRD "89"]
[BlackElo "1857"]
[BlackRD "67"]
[GameID "247938"]

1. f4 d5 2. Nf3 g6 3. e3 Nh6 4. d3 Bg7 5. Be2 Nf5 6. g4 Nxe3 7. Bxe3 Bxb2 8. Nbd2 Bxa1 9. Qxa1 f6 10. h3 Nc6
11. Nd4 Nxd4 12. Qxd4 Be6 13. h4 Qd6 14. h5 gxh5 15. Rxh5 Qb6 16. g5 c5 17. Qxc5 Qxc5 18. Bxc5 fxg5 19. Rxg5 Kf7 20. Bh5+ Kf8
21. Re5 Bf7 22. Rf5
1-0

[Event "Good moves usually have at least two ideas"]
[Site "SchemingMind.com"]
[Date "2010.05.09"]
[Round "-"]
[White "mochiron"]
[Black "Nate_Young"]
[Result "1-0"]
[WhiteCountry "JPN"]
[BlackCountry "AUS"]
[WhiteElo "1517"]
[WhiteRD "92"]
[BlackElo "1964"]
[BlackRD "74"]
[GameID "247940"]

1. f4 e5 2. fxe5 d6 3. Nf3 dxe5 4. e4 Nc6 5. a3 Bc5 6. b4 Bb6 7. Bb5 Nf6 8. Bxc6+ bxc6 9. c4 Bd4 10. Nxd4 Qxd4
11. d3 Qxa1 12. Bg5 Qd4 13. Bxf6 Qe3+ 14. Qe2 Qxe2+ 15. Kxe2
1-0

[Event "Good moves usually have at least two ideas"]
[Site "SchemingMind.com"]
[Date "2010.05.10"]
[Round "-"]
[White "Queeny"]
[Black "AACoPhil"]
[Result "1-0"]
[WhiteCountry "ENG"]
[BlackCountry "USA"]
[WhiteElo "1643"]
[WhiteRD "64"]
[BlackElo "1185"]
[BlackRD "196"]
[GameID "247941"]

1. e4 e5 2. Nf3 Nf6 3. Nc3 Bc5 4. Nxe5 O-O 5. d4 Bb4 6. Qd3 Nc6 7. Bd2 d6 8. Nxc6 bxc6 9. Qg3 Bg4 10. h3 Bh5
11. Bh6 Qe7 12. Qxg7#
1-0

[Event "Good moves usually have at least two ideas"]
[Site "SchemingMind.com"]
[Date "2010.05.11"]
[Round "-"]
[White "PStuart"]
[Black "Midlander"]
[Result "0-1"]
[WhiteCountry "USA"]
[BlackCountry "ENG"]
[WhiteElo "1848"]
[WhiteRD "72"]
[BlackElo "2247"]
[BlackRD "75"]
[GameID "247944"]

1. d4 g6 2. Nf3 Bg7 3. e3 Nf6 4. Bd3 O-O 5. O-O d6 6. c3 Nbd7 7. Nbd2 e5 8. dxe5 dxe5 9. e4 Nc5 10. Bc2 Nh5
11. Qe2 Nf4 12. Qe3 Ncd3 13. Bxd3 Qxd3 14. Qxd3 Nxd3 15. h3 f6 16. Nb3 Rd8 17. Rb1 Be6 18. Be3 a5 19. Nc5 Nxc5 20. Bxc5 b6
0-1

[Event "Good moves usually have at least two ideas"]
[Site "SchemingMind.com"]
[Date "2010.05.08"]
[Round "-"]
[White "baron1"]
[Black "swarupsawant"]
[Result "1-0"]
[WhiteCountry "ENG"]
[BlackCountry "IND"]
[WhiteElo "2455"]
[WhiteRD "91"]
[BlackElo "1509"]
[BlackRD "105"]
[GameID "247946"]

1. c4 Nf6 2. d4 e6 3. Nf3 c5 4. d5 d6 5. Nc3 Be7 6. e4 exd5 7. exd5 Bg4 8. h3 Bh5 9. Bd3 O-O 10. O-O Nbd7
11. Bf4 h6 12. Re1 Bg6 13. Bxg6 fxg6 14. Re6 Nh5 15. Bxd6 Bxd6 16. Rxd6 Nf4 17. Qa4 Nxh3+ 18. gxh3 Rxf3 19. Qxd7 Qg5+ 20. Qg4 Qxg4+
21. hxg4 Rf4 22. Re1 Rxg4+ 23. Kf1 Rxc4 24. Re7 b6 25. Rxg6
1-0

[Event "Good moves usually have at least two ideas"]
[Site "SchemingMind.com"]
[Date "2010.05.11"]
[Round "-"]
[White "CHESS POET"]
[Black "z"]
[Result "1-0"]
[WhiteCountry "GER"]
[BlackCountry "IRQ"]
[WhiteElo "2179"]
[WhiteRD "132"]
[BlackElo "1787"]
[BlackRD "87"]
[GameID "247947"]

1. d4 d5 2. Nf3 Nf6 3. e3 e6 4. Bd3 c5 5. b3 Nc6 6. O-O Bd7 7. Bb2 Rc8 8. a3 a5 9. c4 a4 10. cxd5 exd5
11. Nbd2 Bd6 12. dxc5 Bxc5 13. b4 Ba7 14. Qxa4 O-O 15. b5 Bb8 16. bxc6 bxc6 17. Qh4 h6 18. Bxf6 Qxf6 19. Qxf6 gxf6 20. a4 c5
21. Bb5 Be6 22. a5 Be5 23. Nxe5 fxe5 24. a6 c4 25. a7 d4 26. exd4 c3 27. Nf3 exd4 28. Nxd4 Rfd8 29. Nxe6 fxe6 30. Be2 Rd2
31. Bf3
1-0

[Event "Good moves usually have at least two ideas"]
[Site "SchemingMind.com"]
[Date "2010.05.08"]
[Round "-"]
[White "dla ani"]
[Black "zogger"]
[Result "0-1"]
[WhiteCountry "POL"]
[BlackCountry "GER"]
[WhiteElo "1857"]
[WhiteRD "67"]
[BlackElo "1977"]
[BlackRD "89"]
[GameID "247948"]

1. e4 e6 2. Nc3 d5 3. d4 dxe4 4. Nxe4 Nd7 5. Nf3 Ngf6 6. Nxf6+ Nxf6 7. Bd3 c5 8. Bg5 cxd4 9. Nxd4 Qa5+ 10. Qd2 Qxd2+
11. Kxd2 Be7 12. Bb5+ Bd7 13. Bxf6 Bxf6 14. Bxd7+ Kxd7 15. Ke3 Bxd4+ 16. Kxd4 Rhd8 17. Rhd1 Ke7+ 18. Ke4 f5+ 19. Ke5 Rac8 20. c3 Rc4
21. f3= Rdc8 22. b4 Rxc3 23. Kf4 R8c4+
0-1

[Event "Good moves usually have at least two ideas"]
[Site "SchemingMind.com"]
[Date "2010.05.08"]
[Round "-"]
[White "Nate_Young"]
[Black "mochiron"]
[Result "0-1"]
[WhiteCountry "AUS"]
[BlackCountry "JPN"]
[WhiteElo "1964"]
[WhiteRD "74"]
[BlackElo "1517"]
[BlackRD "92"]
[GameID "247950"]

1. e4 c6 2. d4 d5 3. Nc3 dxe4 4. Nxe4 Bf5 5. Ng3 e6 6. Nxf5 exf5 7. Nf3 Bd6 8. Bd3 Nf6 9. O-O O-O 10. Bxf5 h6
11. Re1 Nbd7 12. Qd3 Nd5 13. c4 Nb4 14. Qb3 c5 15. Rd1 Qf6
0-1

[Event "Good moves usually have at least two ideas"]
[Site "SchemingMind.com"]
[Date "2010.05.10"]
[Round "-"]
[White "AACoPhil"]
[Black "Queeny"]
[Result "0-1"]
[WhiteCountry "USA"]
[BlackCountry "ENG"]
[WhiteElo "1185"]
[WhiteRD "196"]
[BlackElo "1643"]
[BlackRD "64"]
[GameID "247951"]

1. e4 e5 2. Nf3 Nc6 3. Bb5 Nf6 4. O-O d6 5. Nc3 Bd7 6. d4 a6 7. Bc4 Bg4 8. Bg5 Nxd4 9. Nd5 Bxf3 10. gxf3 h6
11. Be3 c6 12. Nb4 d5 13. Bb3 Bxb4 14. c3 Nxb3 15. Qxb3 Bd6 16. Bb6 Bc7 17. Bc5 b6 18. Be3 dxe4 19. Rfd1 Qc8 20. Qb4 exf3
21. Rd3 e4 22. Rd2 Qg4+ 23. Kf1 Qg2+ 24. Ke1 Qg1#
0-1

[Event "Good moves usually have at least two ideas"]
[Site "SchemingMind.com"]
[Date "2010.05.19"]
[Round "-"]
[White "Mirta Crevani"]
[Black "krueger"]
[Result "1/2-1/2"]
[WhiteCountry "ARG"]
[BlackCountry "USA"]
[WhiteElo "2033"]
[WhiteRD "141"]
[BlackElo "2170"]
[BlackRD "111"]
[GameID "249012"]

1. c4 Nf6 2. Nc3 c6 3. e4 d5 4. e5 d4 5. exf6 dxc3 6. bxc3 exf6 7. d4 c5 8. Nf3 Bd6 9. Bd3 O-O 10. O-O Nc6
11. Be3 Qa5 12. Qc2 g6 13. d5 Ne7 14. Rab1 Qc7 15. h3 Re8 16. Qb2 b6 17. Rfe1 Bd7 18. Bd2 h5 19. Qc2 Kg7 20. Re2 Nf5
21. Rbe1 Rxe2 22. Rxe2 Rd8 23. Qc1 Kg8 24. Qc2=
1/2-1/2

[Event "Good moves usually have at least two ideas"]
[Site "SchemingMind.com"]
[Date "2010.05.18"]
[Round "-"]
[White "krueger"]
[Black "Mirta Crevani"]
[Result "1/2-1/2"]
[WhiteCountry "USA"]
[BlackCountry "ARG"]
[WhiteElo "2117"]
[WhiteRD "108"]
[BlackElo "2050"]
[BlackRD "136"]
[GameID "249055"]

1. e4 c6 2. d4 d5 3. Nc3 dxe4 4. Nxe4 Bf5 5. Ng3 Bg6 6. Nf3 Nd7 7. h4 h6 8. h5 Bh7 9. Bd3 Bxd3 10. Qxd3 Qc7
11. Bd2 e6 12. O-O-O O-O-O 13. Ne4 Ngf6 14. g3 Nxe4 15. Qxe4 Bd6 16. c4 c5 17. d5 Nf6 18. Qc2 exd5 19. cxd5 Rhe8 20. Bc3 Qd7
21. Bxf6 gxf6 22. Nh4 Re5 23. f4 Rxh5 24. Qe2 Rxd5 25. Rxd5 Bxf4+ 26. gxf4 Qxd5 27. Rd1 Qxa2 28. Rxd8+ Kxd8 29. Nf5 Qe6=
1/2-1/2

[Event "Good moves usually have at least two ideas"]
[Site "SchemingMind.com"]
[Date "2010.05.20"]
[Round "-"]
[White "zogger"]
[Black "BishopVesey"]
[Result "0-1"]
[WhiteCountry "GER"]
[BlackCountry "ENG"]
[WhiteElo "1977"]
[WhiteRD "89"]
[BlackElo "2176"]
[BlackRD "97"]
[GameID "249420"]

1. f4 Nf6 2. Nf3 g6 3. e3 Bg7 4. Be2 d6 5. O-O c5 6. d3 O-O 7. h3 Nc6 8. g4 h5 9. g5 Nd5 10. Kh2 Qd7
11. Ng1 Nxe3 12. Bxe3 Bxb2 13. Nd2 Bxa1 14. Qxa1 Nb4 15. Bd1 Qe6 16. Bf2 Qxa2 17. Qxa2 Nxa2
0-1

[Event "Good moves usually have at least two ideas"]
[Site "SchemingMind.com"]
[Date "2010.05.20"]
[Round "-"]
[White "BishopVesey"]
[Black "zogger"]
[Result "1-0"]
[WhiteCountry "ENG"]
[BlackCountry "GER"]
[WhiteElo "2233"]
[WhiteRD "88"]
[BlackElo "2025"]
[BlackRD "73"]
[GameID "249428"]

1. e4 e6 2. d4 d5 3. exd5 exd5 4. Bd3 Nc6 5. c3 Bd6 6. Nf3 Bg4 7. O-O Nge7 8. Re1 Qd7 9. Nbd2 O-O-O 10. b4 Ng6
11. Nb3 Rde8 12. Be3 Nh4 13. Be2 Nf5 14. Bc1 Bxf3 15. Bxf3 Rxe1+ 16. Qxe1 Re8 17. Qd1 Nh4 18. Bg4 f5 19. Bh3 Qe6 20. g3 Qe1+
21. Qxe1 Rxe1+ 22. Bf1 Ng6 23. f4 h5 24. Kf2 Re8 25. Bb2 h4 26. b5 Nd8 27. c4 dxc4 28. Na5 Rh8 29. Nxc4
1-0

[Event "Good moves usually have at least two ideas"]
[Site "SchemingMind.com"]
[Date "2010.06.09"]
[Round "-"]
[White "Queeny"]
[Black "jesusch"]
[Result "0-1"]
[WhiteCountry "ENG"]
[BlackCountry "ESP"]
[WhiteElo "1625"]
[WhiteRD "65"]
[BlackElo "1928"]
[BlackRD "98"]
[GameID "251351"]

1. e4 c5 2. d4 cxd4 3. Qxd4 Nc6 4. Qd1 Nf6 5. Bd3 d5 6. Nd2 dxe4 7. Bxe4 Nxe4 8. Nxe4 Qxd1+ 9. Kxd1 e5 10. Be3 f5
11. Nd2 f4
0-1

[Event "Good moves usually have at least two ideas"]
[Site "SchemingMind.com"]
[Date "2010.06.08"]
[Round "-"]
[White "jesusch"]
[Black "Queeny"]
[Result "1-0"]
[WhiteCountry "ESP"]
[BlackCountry "ENG"]
[WhiteElo "1928"]
[WhiteRD "98"]
[BlackElo "1625"]
[BlackRD "65"]
[GameID "251353"]

1. e4 e5 2. Nf3 Nc6 3. Bc4 h6 4. Nc3 Nf6 5. d4 exd4 6. Nxd4 Ne5 7. Bb3 Bb4 8. O-O Bxc3 9. bxc3 Nxe4 10. Qe1 Qh4
11. f4
1-0

[Event "Good moves usually have at least two ideas"]
[Site "SchemingMind.com"]
[Date "2010.06.21"]
[Round "-"]
[White "Mr Pawn"]
[Black "chesspool"]
[Result "1-0"]
[WhiteCountry "IND"]
[BlackCountry "USA"]
[WhiteElo "2191"]
[WhiteRD "113"]
[BlackElo "1626"]
[BlackRD "72"]
[GameID "252568"]

1. e4 Nf6 2. e5 Nd5 3. d4 d6 4. c4 Nb6 5. exd6 cxd6 6. Nc3 g6 7. Nf3 Bg7 8. Be3 O-O 9. Be2 Nc6 10. d5 Ne5
11. Nxe5 Bxe5 12. Bd4 Bxd4 13. Qxd4 Bf5 14. O-O Rc8 15. Rfe1 e5 16. dxe6 Bxe6 17. Ne4 Nxc4 18. Nf6+ Kh8 19. Nd7+ Kg8 20. Nxf8 Qxf8
21. Rac1 b5 22. b3 Na3 23. Rxc8 Bxc8 24. Rd1 Bf5 25. Qf6 Qg7 26. Qd8+ Qf8 27. Rxd6 Qxd8 28. Rxd8+
1-0

[Event "Good moves usually have at least two ideas"]
[Site "SchemingMind.com"]
[Date "2010.06.21"]
[Round "-"]
[White "chesspool"]
[Black "Mr Pawn"]
[Result "0-1"]
[WhiteCountry "USA"]
[BlackCountry "IND"]
[WhiteElo "1626"]
[WhiteRD "72"]
[BlackElo "2191"]
[BlackRD "113"]
[GameID "252576"]

1. d4 Nf6 2. c4 e6 3. Nc3 Bb4 4. Qc2 c5 5. Nf3 O-O 6. dxc5 Na6 7. a3 Bxc3+ 8. Qxc3 Nxc5 9. b4 Nce4 10. Qd3 d5
11. e3 b6 12. Be2 dxc4 13. Qxd8 Rxd8 14. O-O b5 15. Bb2 Bb7 16. h3 c3 17. Bc1 a6 18. Rd1 Rac8 19. Ne5 Rxd1+ 20. Bxd1 c2
21. Bg4 Nxg4 22. hxg4 Rd8 23. f3 Rd1+ 24. Kh2 Nc3 25. Bb2 Rxa1 26. Bxa1 c1=Q
0-1